000 00378 a2200169 4500
001 192148
020 _a978-85-16-07006-9
040 _cMagnum
100 _aDumas, Alexandre
240 1 0 _aOs três mosqueteiros
_lpor
245 1 0 _aOs três mosqueteiros
300 _a201
362 0 _a2011
440 1 _aModerna
697 _aLITERATURA JUVENIL ESTRANGEIRA
942 _cBK
999 _c192148
_d192148